00616nam a2200181 i 4500001000400000100002900004245006200033250001700095260004600112300002900158505002000187650005700207020001500264040000800279041000800287008004100295856009800336bgj1 aEASTWOOD, Johnd(1945- )10aOxford Practice Grammar :bwith answers /cJohn Eastwood. a[9th impr.]. aOxford :bOxford University Press,c2001. a423 pp :bill. ;c25 cm. aIncludes index. 9aEnglish languagexGrammarxProblems, exercises, etc. a0194313697 cBPK0 aeng s uk f |000 0 eng  uhttp://koha.tu.koszalin.pl/cgi-bin/koha/opac-detail.pl?biblionumber=48243yKatalog online BPK